1293 1927 1024 1015 1849 1980 1912 1323 1430 1742 1315 1817 1253 1558 1537 1582 1046 1290 1390 1177 1998 1189 1940 1612 1306 1805 1772 1858 1806 1191 1174 1173 1281 1291 1771 1910 1625 1677 1611 1934 1644 1538 1360 1440 1812 1509 1405 1205 1146 1357 1965 1685 1365 1154 1652 1893 1827 1711 1828 1352 1783 1624 1544 1874 1326 1607 1497 1881 1655 1839 1122 1601 1163 1135 1462 1629 1349 1433 1082 1582 1537 1700 1481 1897 1616 1442 1467 1687 1355 1620 1310 1062 1502 1552 1802 1993 1323 1372 1274 BCNSPRNW ULIB Ver.6.0+V

เปลี่ยนเป็นภาษาไทย

Change to English
 แสดงรายละเอียดบรรณานุกรม
  กลับหน้าหลัก

Brief Record : Get Marc (ISO 2709) : E-mail record : QR code < ปิดหน้าต่าง
LEADER : 00000nam 2200000uu 4500
001    13399128624
003     ULIB
008    230921s2565||||th 000 0 tha d
020    ^a9786164436923
060 04 ^aWB115^bอ641
245 00 ^aอายุรศาสตร์ทันยุค 2565 =^bUpdate in internal medicine 2022 /^cบรรณาธิการ, ชยวี เมืองจันทร์ ... [และคนอื่นๆ]
246 31 ^aUpdate in internal medicine 2022
250    ^aพิมพ์ครั้งที่ 1
260    ^aกรุงเทพฯ :^bภาควิชาอายุรศาสตร์ คณะแพทยศาสตร์ศิริราชพยาบาลมหาวิทยาลัยมหิดล,^c2565
300    ^axvi, 616 หน้า :^bภาพประกอบ ;^c26 ซม.
504    ^aมีบรรณานุกรมและดัชนี
650  4 ^aการประกอบวิชาชีพเวชกรรม
650  4 ^aการวินิจฉัยโรค
650  4 ^aการรักษาโรค
650  4 ^aอายุรศาสตร์
650  4 ^aอายุรศาสตร์^vรวมเรื่อง
653    ^aผลงานอาจารย์คณะแพทยศาสตร์ศิริราชพยาบาล
700 0  ^aชยวี เมืองจันทร์,^eบรรณาธิการ
710 2  ^aมหาวิทยาลัยมหิดล.^bคณะแพทยศาสตร์ศิริราชพยาบาล.^bภาควิชาอายุรศาสตร์
945    ^p500^l0^i29887
945    ^p500^l0^i29888
999    ^aกัณชพร จุลอักษร
รายการนี้ยังไม่มีแท็ก
คุณยังไม่ได้ล็อกอิน คุณสามารถมีกิจกรรมร่วมกับเว็บไซต์ได้ แต่ต้องล็อกอินก่อน ::
  ล็อกอิน

รายการสื่อสารสนเทศ

ลำดับที่ ประเภท เลขเรียก/บาร์โค้ด สถานที่ สถานะ
1. หนังสือสำรอง
หนังสือสำรอง
WB115 อ641 ฉ.1 
  Barcode: 29887
ห้องสมุดวิทยาเขตนครสวรรค์
►หนังสือทั่วไป:l:General Books
บนชั้น
2. วิทยาศาสตร์การแพทย์ และสุขภาพ
วิทยาศาสตร์การแพทย์ และสุขภาพ
WB115 อ641 ฉ.2 
  Barcode: 29888
ห้องสมุดวิทยาเขตนครสวรรค์
►หนังสือทั่วไป:l:General Books
บนชั้น

รายการใกล้เคียง
    หัวเรื่อง [การประกอบวิชาชีพเวชกรรม]
    หัวเรื่อง [การวินิจฉัยโรค]
    หัวเรื่อง [การรักษาโรค]
    หัวเรื่อง [อายุรศาสตร์]

BibComment


ยังไม่เคยถูกคอมเมนท์

คอมเมนท์ทรัพยากรรายการนี้
  คอมเมนท์: อายุรศาสตร์ทันยุ..


 Copyright 2026. Bcnsprnw @Library